| 000 | 00669cab a2200217 4500 | ||
|---|---|---|---|
| 001 | WB2716-11 | ||
| 008 | 090401t1991 xxu||||| |||| 00| 0 eng d | ||
| 035 | _a(Sirsi) u60691 | ||
| 041 | _aeng | ||
| 245 | _aCommercial and industrial property review | ||
| 260 | _c1991 | ||
| 350 | _a0 | ||
| 490 |
_aGlasgow Herald _v17 April 1991, 29-36(8) LOAN |
||
| 520 | _aA review of the market in Scotland which looks at prospects for development , the hotel industry , investment , business parks and indivudual towns. | ||
| 650 | _aABERDEEN | ||
| 650 | _aEDINBURGH | ||
| 650 | _aGLASGOW | ||
| 690 | _aPROPERTY-COMMERCIAL PROPERTY | ||
| 942 | _n0 | ||
| 948 | _c04/03/1997 | ||
| 999 |
_c37490 _d37490 |
||